Environmental science and engineering : (Record no. 82750)

MARC details
000 -LEADER
fixed length control field 00651nam a22002057a 4500
005 - DATE AND TIME OF LATEST TRANSACTION
control field 20140318144608.0
010 ## - LCCN (DPL NO)
LC control number ENG-109468
020 ## - INTERNATIONAL STANDARD BOOK NUMBER
Terms of availability 150.00
035 ## - SYSTEM CONTROL NUMBER
System control number EN-93001
037 ## - SOURCE OF ACQUISITION
Source of stock number/acquisition DBAD/PUB
082 ## - DEWEY DECIMAL CLASSIFICATION NUMBER
Classification number 628
100 ## - MAIN ENTRY--PERSONAL NAME
Personal name Arumugam, N.
245 00 - TITLE STATEMENT
Title Environmental science and engineering :
Statement of responsibility, etc by N. Arumugam [and] V. Kumaresan
Remainder of title Anna university syllabus /
250 ## - EDITION STATEMENT
Edition statement 3rd ed
260 ## - PUBLICATION, DISTRIBUTION, ETC. (IMPRINT)
Place of publication, distribution, etc Kanyakumari
Name of publisher, distributor, etc Saras Publicaton
Date of publication, distribution, etc 2013
270 ## - ADDRESS
Address 114/35G, A.R.P. Camp Road, Periavilai, Kottar, Nagercoil
City Kanyakumari
Postal code 629002
300 ## - PHYSICAL DESCRIPTION
Extent xiv,562p. :
Dimensions 23cm(pbk)
Other physical details ill.
700 ## - ADDED ENTRY--PERSONAL NAME
Personal name Kumaresan, V.
942 ## - ADDED ENTRY ELEMENTS (KOHA)
Source of classification or shelving scheme Dewey Decimal Classification
Item type English Books
Call number suffix ARU
Classification part 628
Holdings
Withdrawn status Lost status Not for loan Collection code Home library Current library Date acquired Source of acquisition Cost, normal purchase price Full call number Barcode Copy number Cost, replacement price Koha item type
    Not For Loan Non-fiction D.B.Act.Division D.B.Act.Division 25/02/2014 DBAD/PUB 150.00 628 ARU EN-93001 1 150.00 English Books

© Delhi Public Library
Hit Counter
free hit counter